Geography Quiz

Random Geography or City Quiz

Nebraska cities A–Z Quiz Stats

 Plays Quiz not verified by Sporcle

Score 0/23 Timer 05:00
0 Plays Today
Letter City % Correct
LLincoln
97.4%
OOmaha
97%
GGrand Island
88.4%
KKearney
86%
BBellevue
84.4%
HHastings
77.9%
NNorth Platte
75.4%
FFremont
75.1%
CColumbus
71.6%
PPapillion
67.9%
YYork
66.3%
SScottsbluff
65.3%
Letter City % Correct
AAlliance
63.7%
VValentine
53%
RRalston
50%
MMcCook
38.2%
WWayne
37.2%
DDavid City
34.4%
UUtica
34.4%
IImperial
27%
TTekamah
21.4%
JJuniata
20.7%
EEagle
18.9%

You're not logged in!

Compare scores with friends on all Sporcle quizzes.
OR
Log In

You Might Also Like...

Show Comments

Extras

Top Quizzes Today


Score Distribution

Your Account Isn't Verified!

In order to create a playlist on Sporcle, you need to verify the email address you used during registration. Go to your Sporcle Settings to finish the process.

Report this User

Report this user for behavior that violates our Community Guidelines.

Details: